Gia đình và giáo dục gia đình

Trình bày khái niệm về gia đình, những vấn đề liên quan đến gia đình và chức năng giáo dục của gia đình Việt Nam. Phân tích một số vấn đề đặt ra đối với gia đình và giáo dục gia đình ở nước ta hiện nay...

全面介紹

Đã lưu trong:
書目詳細資料
主要作者: Nguyễn, Thị Phương Thủy
格式: 圖書
語言:Undetermined
出版: Hà Nội Chính trị Quốc gia 2014
主題:
標簽: 添加標簽
沒有標簽, 成為第一個標記此記錄!
Thư viện lưu trữ: Trung tâm Học liệu Trường Đại học Cần Thơ
LEADER 00933nam a2200205Ia 4500
001 CTU_199892
008 210402s9999 xx 000 0 und d
020 |c 45000 
082 |a 649.09597 
082 |b Th523 
100 |a Nguyễn, Thị Phương Thủy 
245 0 |a Gia đình và giáo dục gia đình 
245 0 |c Nguyễn Thị Phương Thủy, Nguyễn Thị Thọ 
260 |a Hà Nội 
260 |b Chính trị Quốc gia 
260 |c 2014 
520 |a Trình bày khái niệm về gia đình, những vấn đề liên quan đến gia đình và chức năng giáo dục của gia đình Việt Nam. Phân tích một số vấn đề đặt ra đối với gia đình và giáo dục gia đình ở nước ta hiện nay 
650 |a Family,Gia đình 
904 |i Bằng 
980 |a Trung tâm Học liệu Trường Đại học Cần Thơ